| 000 | 00694nam a2200193 i 4500 | ||
|---|---|---|---|
| 001 | 30699 | ||
| 003 | ES-MaACL | ||
| 005 | 20250801201856.0 | ||
| 007 | t| | ||
| 008 | 030127s1926 fr ||||1| fre d | ||
| 100 | 1 |
_aBatiffol, Pierre. _926425 |
|
| 245 | 1 | 0 |
_aÉtudes d'histoire et de théologie positive. _nPremière série, _pLa discipline de l'Arcane, les origines de la pénitence, la hiérarchie primitive, l'agape / _cPierre Batiffol. |
| 250 | _a8e édition. | ||
| 260 |
_aParis : _bLibrairie Victor Lecoffre : _bJ. Gabalda, _c1926. |
||
| 300 |
_aXXVII, 368 p. ; _c19 cm. |
||
| 650 | 0 | 7 |
_aTeología _2embne _917457 |
| 852 |
_aES-MaACL _jP-948-bis-1 _bR.29680 |
||
| 999 |
_c30699 _d30699 |
||